Satnali khand ke block samiti sadasyon ke rajnitik va samajik prashthbhoomi ka adhyayan 2016 (Record no. 127150)

MARC details
000 -LEADER
fixed length control field 00390nam a2200145Ia 4500
008 - FIXED-LENGTH DATA ELEMENTS--GENERAL INFORMATION
fixed length control field 230917s9999||||xx |||||||||||||| ||und||
040 ## - CATALOGING SOURCE
-- 242739
Original cataloging agency VIVEKANANDA LIBRARY
041 ## - Language
-- English
082 ## - DDC NUMBER
Classification number 320.84 V77S
100 ## - MAIN ENTRY--PERSONAL NAME
Personal name Vinod Kumar
245 #0 - TITLE STATEMENT
Title Satnali khand ke block samiti sadasyon ke rajnitik va samajik prashthbhoomi ka adhyayan 2016
260 ## - PUBLICATION, DISTRIBUTION, ETC. (IMPRINT)
Date of publication, distribution, etc 2016
300 ## - PHYSICAL DESCRIPTION
Pages 84 p.
942 ## - ADDED ENTRY ELEMENTS (KOHA)
Koha item type Thesis
Holdings
Withdrawn status Lost status Damaged status Not for loan Location (home branch) Sublocation or collection (holding branch) Date acquired Koha issues (times borrowed) Koha full call number Accession No. Koha date last seen Koha item type
        VIVEKANANDA LIBRARY VIVEKANANDA LIBRARY 12/10/2017   320.84 V77S 223026 17/09/2023 Thesis
© Designed and Maintained by Vivekananda Library, MDU Rohtak